Normal view
MARC view
- Claxton, John
Entry Personal Name
001 - CONTROL NUMBER
- control field: 8385
003 - CONTROL NUMBER IDENTIFIER
- control field: OSt
005 - DATE AND TIME OF LATEST TRANSACTION
- control field: 20170526161306.0
008 - FIXED-LENGTH DATA ELEMENTS
- fixed length control field: 170526|| aca||aabn | a|a d
040 ## - CATALOGING SOURCE
- Original cataloging agency: OSt
- Transcribing agency: OSt
100 ## - HEADING--PERSONAL NAME
- Personal name: Claxton, John
670 ## - SOURCE DATA FOUND
- Source citation: Work cat.: (OSt)0: Claxton, John, Managing your personal finances :, c1998

PORTAL AKMAL
E-MEL JKDM
AKMAL2U
G-BAM
u-PUSTAKA